EXTREME Taylor Swift Songs by Album - Statistics

General Stats
  • This quiz has been taken 3,031 times
    2,515 since last reset
  • The average score is 125 of 247
Answer Stats
Album Song % Correct
Speak Now (Deluxe Edition) | Speak Now World Tour Live Ours
83%
Fearless Fearless
82%
Taylor Swift Tim McGraw
82%
Rhapsody Original (EP) Tim Mc Graw
82%
Lover Lover
80%
Single (feat. Shawn Mendes) Lover (Remix)
80%
Red Red
80%
Red (Deluxe Edition) Red (Original Demo Version)
80%
Lover ME! (feat. Brendon Urie of Panic! At The Disco)
79%
Rhapsody Original (EP) | Taylor Swift Our Song
79%
Speak Now | Speak Now World Tour Live Speak Now
79%
Fearless | Speak Now World Tour Live Love Story
76%
Fearless (Taylor's Version) Love Story (Taylor's Version)
76%
Beautiful Eyes (EP) | Taylor Swift Picture To Burn
73%
folklore cardigan
72%
Speak Now | Speak Now World Tour Live Mine
72%
Speak Now (Deluxe Edition) Mine (Pop Version)
72%
Fearless You Belong With Me
72%
Fearless (Taylor's Version) You Belong With Me (Taylor's Version)
72%
Rhapsody Original (EP) | Taylor Swift Teardrops On My Guitar
71%
Beautiful Eyes (EP) Teardrops On My Guitar (Acoustic Version)
71%
Taylor Swift Teardrops On My Guitar (Pop Version)
71%
folklore the 1
71%
Red All Too Well
70%
1989 Bad Blood
70%
Single (feat. Kendrick Lamar) Bad Blood (feat. Kendrick Lamar)
70%
Speak Now World Tour Live Back To December/Apologize/You're Not Sorry
69%
1989 Blank Space
69%
Speak Now | Speak Now World Tour Live Dear John
69%
reputation ...Ready For It?
69%
Speak Now | Speak Now World Tour Live Enchanted
68%
Speak Now | Speak Now World Tour Live Mean
68%
1989 Shake It Off
68%
1989 Style
68%
1989 Welcome To New York
68%
Red 22
67%
folklore august
67%
folklore betty
67%
Fearless | Speak Now World Tour Live Fifteen
67%
Fearless (Taylor's Version) Fifteen (Taylor's Version)
67%
reputation Look What You Made Me Do
67%
Taylor Swift Invisible
66%
Speak Now | Speak Now World Tour Live Sparks Fly
65%
Speak Now Back To December
64%
Speak Now (Deluxe Edition) Back To December (Acoustic Version)
64%
Speak Now (Deluxe Edition) Back To December (US Version)
64%
reputation Delicate
64%
1989 Clean
63%
reputation End Game
63%
evermore evermore (feat. Bon Iver)
63%
Speak Now | Speak Now World Tour Live Haunted
63%
Speak Now (Deluxe Edition) Haunted (Acoustic Version)
63%
reputation Getaway Car
62%
Red I Knew You Were Trouble.
62%
Red We Are Never Ever Getting Back Together
62%
Fearless White Horse
62%
Fearless (Taylor's Version) White Horse (Taylor's Version)
62%
1989 Wildest Dreams
62%
Lover Cruel Summer
61%
reputation Dress
61%
1989 Out Of The woods
61%
Speak Now | Speak Now World Tour Live Better Than Revenge
60%
reputation Don't Blame Me
60%
reputation New Years Day
60%
evermore willow
60%
reputation Gorgeous
59%
Speak Now Long Live
59%
Speak Now World Tour Live Long Live (Ft. Paula Fernandes)
59%
1989 (Deluxe Edition) New Romantics
59%
Rhapsody Original (EP) | Taylor Swift Should've Said No
58%
Beautiful Eyes (EP) Should've Said No (Alternate Version)
58%
Lover The Archer
58%
Lover The Man
58%
folklore (deluxe edition) the lakes
57%
folklore the last great american dynasty
57%
1989 (Deluxe Edition) Wonderland
57%
Lover You Need To Calm Down
57%
evermore champagne problems
56%
Taylor Swift Cold As You
56%
Lover Daylight
56%
Lover Paper Rings
56%
Red State Of Grace
56%
Red (Deluxe Edition) State Of Grace (Acoustic Version)
56%
reputation This Is Why We Can't Have Nice Things
56%
Fearless (Taylor's Version) Hey Stephen (Taylor's Version)
55%
folklore hoax
55%
reputation I Did Something Bad
55%
Speak Now | Speak Now World Tour Live Last Kiss
55%
folklore mirrorball
55%
folklore seven
55%
1989 This Love
55%
1989 All You Had To Do Was Stay
54%
Lover Cornelia Street
54%
folklore exile (feat. Bon Iver)
54%
Fearless Hey Stephen
54%
Lover I Forgot That You Existed
54%
reputation King Of My Heart
54%
Fearless (Taylor's Version) Mr. Perfectly Fine (Taylor's Version) (From The Vault)
54%
folklore my tears ricochet
54%
Lover Afterglow
53%
reputation Call It What You Want
53%
reputation Dancing With Our Hands Tied
53%
folklore illicit affairs
53%
reputation So It Goes...
53%
Fearless The Way I Loved You
53%
Fearless (Taylor's Version) The Way I Loved You (Taylor's Version)
53%
Fearless Forever & Always
52%
Fearless (Platinum Edition) Forever & Always (Piano Version)
52%
1989 How You Get The Girl
52%
Speak Now Innocent
52%
Lover Miss Americana & The Heartbreak Prince
52%
folklore peace
52%
Red Stay Stay Stay
52%
1989 I Know Places
51%
folklore invisible string
51%
Lover London Boy
51%
Speak Now (Deluxe Edition) Superman
51%
Speak Now | Speak Now World Tour Live The Story Of Us
51%
Speak Now (Deluxe Edition) The Story Of Us (US Version)
51%
folklore this is me trying
51%
Fearless (Taylor's Version) Breathe (feat. Colbie Caillat) (Taylor's Version)
50%
Speak Now Never Grow Up
50%
evermore no body, no crime (feat. HAIM)
50%
Red Treacherous
50%
Red (Deluxe Edition) Treacherous (Original Demo Version)
50%
Fearless Breathe (Ft. Colbie Caillat)
49%
Lover Death By A Thousand Cuts
49%
evermore marjorie
49%
Lover Soon You'll Get Better (feat. The Chicks)
49%
1989 (Deluxe Edition) You Are In Love
49%
Fearless Change
48%
Fearless (Taylor's Version) Change (Taylor's Version)
48%
evermore dorothea
47%
folklore epiphany
47%
Red Everything Has Changed (Ft. Ed Sheeran
47%
evermore gold rush
47%
Lover It's Nice To Have A Friend
47%
evermore ivy
47%
1989 I Wish You Would
47%
evermore (deluxe edition) right where you left me
47%
Fearless (Taylor's Version) The Best Day (Taylor's Version)
47%
Taylor Swift The Outside
47%
Taylor Swift Tied Together With A Smile
47%
Taylor Swift A Place In This World
46%
Lover False God
46%
folklore mad woman
46%
Red Begin Again
45%
Lover I Think He Knows
45%
The Hunger Games (Songs From District 12 and Beyond) Safe And Sound (Ft. The Civil Wars)
45%
Taylor Swift Stay Beautiful
45%
Fearless (Taylor's Version) The Other Side Of The Door (Taylor's Version)
45%
evermore tolerate it
44%
Fearless (Taylor's Version) You're Not Sorry (Taylor's Version)
44%
evermore coney island (feat. The National)
43%
evermore cowboy like me
43%
Red Holy Ground
43%
Fearless (Taylor's Version) Jump Then Fall (Taylor's Version)
43%
Red Starlight
43%
Fearless (Platinum Edition) SuperStar
43%
Fearless (Taylor's Version) Superstar (Taylor's Version)
43%
Fearless The Best Day
43%
evermore 'tis the damn season
43%
Fearless You're Not Sorry
43%
Beautiful Eyes (EP) | Taylor Swift I'm Only Me When I'm With You
42%
Red The Last Time (Ft. Gary Lightbody)
42%
Fearless (Platinum Edition) The Other Side Of The Door
42%
Non-album single (festive) Christmas Tree Farm
41%
Speak Now (Deluxe Edition) If This Was A Movie
41%
Fearless (Platinum Edition) Jump Then Fall
41%
Stand Up To Cancer Ronan
41%
Fearless Tell Me Why
41%
Fearless (Taylor's Version) Tell Me Why (Taylor's Version)
41%
Taylor Swift A Perfectly Good Heart
40%
Fifty Shades Darker: Original Motion Picture Soundtrack I Don't Wanna Live Forever
40%
Sounds of the Season: The Taylor Swift Holiday Collection Last Christmas
40%
Red Sad Beautiful Tragic
40%
Red (Deluxe Edition) Come Back... Be Here
39%
Hannah Montana: The Movie (Original Motion Picture Soundtrack) Crazier
39%
Red I Almost Do
39%
Fearless (Taylor's Version) Bye Bye Baby (Taylor's Version) (From The Vault)
38%
Fearless (Platinum Edition) Come In With The Rain
38%
Fearless (Taylor's Version) Come In With The Rain (Taylor's Version)
38%
Red (Deluxe Edition) Girl At Home
38%
evermore happiness
38%
evermore (deluxe edition) it's time to go
38%
Red The Lucky One
38%
Valentine's Day (Original Motion Picture Soundtrack) Today Was A Fairytale
38%
Fearless (Taylor's Version) Today Was A Fairytale (Taylor's Version)
38%
Fearless (Platinum Edition) Untouchable
38%
Fearless (Taylor's Version) Untouchable (Taylor's Version)
38%
Beautiful Eyes (EP) Beautiful Eyes
37%
evermore closure
37%
The Hunger Games (Songs From District 12 and Beyond) Eyes Open
36%
Red (Deluxe Edition) The Moment I knew
36%
evermore long story short
35%
Fearless (Taylor's Version) Don't You (Taylor's Version) (From The Vault)
34%
Sounds of the Season: The Taylor Swift Holiday Collection Santa Baby
34%
Fearless (Taylor's Version) That's When (feat. Keith Urban) (Taylor's Version) (From The Vault)
34%
Taylor Swift Mary's Song (Oh My My My)
33%
Sounds of the Season: The Taylor Swift Holiday Collection White Christmas
32%
Fearless (Taylor's Version) You All Over Me (feat. Maren Morris) (Taylor's Version) (From The Vault)
32%
Beautiful Eyes (EP) I Heart?
31%
Sounds of the Season: The Taylor Swift Holiday Collection Silent Night
29%
*Opposite Of The Truth I'd Lie
28%
Non-album promotional single Only the Young
26%
Fearless (Taylor's Version) We Were Happy (Taylor's Version) (From The Vault)
26%
Cats: Highlights from the Motion Picture Soundtrack Beautiful Ghosts
24%
Sounds of the Season: The Taylor Swift Holiday Collection Christmases When You Were Mine
24%
*Pen That Never Washes Off Permanent Marker
22%
Strange Clouds (B.O.B) Both Of Us (Ft. Taylor Swift)
21%
Sounds of the Season: The Taylor Swift Holiday Collection Christmas Must Be Something More
21%
Two Lanes Of Freedom (Tim McGraw) Highway Don't Care (Ft. Taylor Swift & Keith Urban)
21%
One Chance (Film About Paul Potts) Sweeter Than Fiction
21%
Cats: Highlights from the Motion Picture Soundtrack Macavity
19%
Battle Studies (John Mayer) Half Of My Heart (Ft. Taylor Swift)
16%
Love Drunk (Boys Like Girls) Two Is Better Than One (Ft. Taylor Swift)
16%
Speak Now World Tour Live Drops Of Jupiter (Cover)
15%
Fearless (Taylor's Version) Fearless (Taylor's Version)
15%
Speak Now World Tour Live Bette Davis Eyes (Cover)
11%
Fearless (Taylor's Version) Forever & Always (Taylor's Version)
9%
Speak Now World Tour Live I Want You Back (Cover)
7%
*Young Female Of the USA American Girl
6%
Kellie Pickler (Kellie Pickler) Best Days Of Your Life (BV's & Co-Written By Taylor Swift)
5%
Fearless (Taylor's Version) Forever & Always (Piano Version) (Taylor's Version)
5%
Live in No Shoes Nation Big Star
2%
Hope For Haiti Now Breathless
2%
Speak Now World Tour Live Nashville (Cover)
2%
*The Front of your Head Your Face
2%
Speak Now World Tour Live Sweet Escape (Cover)
1%
No matching quizzes found
Score Distribution
Percent of People with Each Score
Percentile by Number Answered
Your Score History
You have not taken this quiz since the last reset